| 000 | 00533nam a22001817a 4500 | ||
|---|---|---|---|
| 005 | 20251204162603.0 | ||
| 008 | 250909b |||||||| |||| 00| 0 eng d | ||
| 020 | _a978-93-90595-76-1 | ||
| 041 | _aeng | ||
| 082 | _a616.07 MAH-C | ||
| 100 |
_aMAHESHWARI, NANDA _98509 |
||
| 245 | _aCLINICAL PATHOLOGY HEMATOLOGY AND BLOOD BANKING [ FOR DMLT STUDENTS] 4TH ED. | ||
| 250 | _a4TH ED. 2021 | ||
| 260 |
_aNEW DELHI _bJAYPEE BROTHERS M. P. LTD _c202 |
||
| 300 | _a352;P | ||
| 650 |
_aPARAMEDICAL _xBMLT/BMIRT _98847 |
||
| 942 | _cBK | ||
| 999 |
_c8804 _d8802 |
||